Elements of the theory of computation / (Record no. 18851)

MARC details
000 -LEADER
fixed length control field 01193cam a2200349 i 4500
001 - CONTROL NUMBER
control field 2124225
003 - CONTROL NUMBER IDENTIFIER
control field EG-ScBUE
005 - DATE AND TIME OF LATEST TRANSACTION
control field 20240911093136.0
008 - FIXED-LENGTH DATA ELEMENTS--GENERAL INFORMATION
fixed length control field 970418t1998 njuak f b 001 0 eng d
020 ## - INTERNATIONAL STANDARD BOOK NUMBER
International Standard Book Number 0132624788
020 ## - INTERNATIONAL STANDARD BOOK NUMBER
International Standard Book Number 9780132624787
040 ## - CATALOGING SOURCE
Original cataloging agency DLC
Language of cataloging eng
Description conventions rda
Transcribing agency DLC
Modifying agency DLC
-- EG-ScBUE
082 04 - DEWEY DECIMAL CLASSIFICATION NUMBER
Classification number 511.3
Edition number 22
Item number LEW
100 1# - MAIN ENTRY--PERSONAL NAME
Personal name Lewis, Harry R.,
Relator term author.
9 (RLIN) 37098
245 10 - TITLE STATEMENT
Title Elements of the theory of computation /
Statement of responsibility, etc Harry R. Lewis, Christos H. Papadimitriou.
250 ## - EDITION STATEMENT
Edition statement Second edition.
264 #1 - PUBLICATION, DISTRIBUTION, ETC. (IMPRINT)
Place of publication, distribution, etc Upper Saddle River, New Jersey :
Name of publisher, distributor, etc Prentice-Hall,
Date of publication, distribution, etc [1998]
264 #4 - PUBLICATION, DISTRIBUTION, ETC. (IMPRINT)
Date of publication, distribution, etc c1998
300 ## - PHYSICAL DESCRIPTION
Extent 361 pages :
Other physical details forms, tables ;
Dimensions 25 cm
336 ## - CONTENT TYPE
Source rdacontent
Content type term text
Content type code txt
337 ## - MEDIA TYPE
Media type term unmediated
Source rdamedia
Media type code n
338 ## - CARRIER TYPE
Carrier type term volume
Carrier type code nc
Source rdacarrier
504 ## - BIBLIOGRAPHY, ETC. NOTE
Bibliography, etc Includes bibliographical references and index.<br/>
650 #7 - SUBJECT ADDED ENTRY--TOPICAL TERM
Topical term or geographic name as entry element Machine theory.
Source of heading or term BUEsh
9 (RLIN) 3450
650 #7 - SUBJECT ADDED ENTRY--TOPICAL TERM
Topical term or geographic name as entry element Computational complexity.
Source of heading or term BUEsh
9 (RLIN) 11175
650 #7 - SUBJECT ADDED ENTRY--TOPICAL TERM
Topical term or geographic name as entry element Logic, symbolic and mathematical.
Source of heading or term BUEsh
9 (RLIN) 1066
650 #7 - SUBJECT ADDED ENTRY--TOPICAL TERM
9 (RLIN) 3451
Topical term or geographic name as entry element Formal languages.
Source of heading or term BUEsh
653 ## - INDEX TERM--UNCONTROLLED
Resource For college Informatics and Computer Science
Arrived date list January2015
655 ## - INDEX TERM--GENRE/FORM
Form subdivision Reading book
9 (RLIN) 34232
700 1# - ADDED ENTRY--PERSONAL NAME
Personal name Papadimitriou, Christos H.,
Relator term author.
9 (RLIN) 36633
942 ## - ADDED ENTRY ELEMENTS (KOHA)
Source of classification or shelving scheme Dewey Decimal Classification
Koha item type Book - Borrowing
Holdings
Withdrawn status Lost status Source of classification or shelving scheme Damaged status Not for loan Collection code Home library Current library Shelving location Date acquired Source of acquisition Cost, normal purchase price Serial Enumeration / chronology Total Checkouts Full call number Barcode Date last seen Cost, replacement price Price effective from Koha item type Total Renewals Date checked out
    Dewey Decimal Classification     Baccah Central Library Central Library First floor 12/01/2015 Purchase 941.00 21291   511.3 LEW 000037270 15/07/2025 1176.00 12/01/2015 Book - Borrowing    
    Dewey Decimal Classification     Baccah Central Library Central Library First floor 12/01/2015 Purchase 941.00 21291 1 511.3 LEW 000037271 15/07/2025 1176.00 12/01/2015 Book - Borrowing 1 27/10/2015
    Dewey Decimal Classification     Baccah Central Library Central Library First floor 12/01/2015 Purchase 941.00 21291   511.3 LEW 000037272 15/07/2025 1176.00 12/01/2015 Book - Borrowing